000 00357nam a2200145 a 4500
008 961107s1976||||xx 0 und c
040 _aSNK
_bslo
_cSNK
_eAACR2
100 1 _aZmetáková, Danica
245 1 0 _aKresba 19. storočia na Slovensku
260 _aBratislava
_bPallas
_c1976
300 _a222 s.
044 _axo
_cSK
041 _aslo
020 _c90
999 _c14993
_d14993